| 000 | 00366nam a2200145Ia 4500 | ||
|---|---|---|---|
| 008 | 240624s9999 xx 000 0 und d | ||
| 041 | _aeng | ||
| 082 | _a658.403 MAR | ||
| 100 | _aMARAKAS GEORGE M | ||
| 245 | _aDECISION SUPPORT SYSTEM IN 21ST CENTURY | ||
| 250 | _a(2nd ed.) | ||
| 260 |
_c2003 _aNew Delhi _bPearson Education |
||
| 300 | _axxiii, : 611 | ||
| 365 | _cRS | ||
| 999 |
_c297 _d297 |
||